000 00704nam a2200229 i 4500
001 bg
245 0 0 _aTraktat ustanawiający Wspólnotę Europejską :
_b(tekst ujednolicony). Traktat o Unii Europejskiej : (tekst ujednolicony).
250 _aWyd. 2 uzup.
260 _aWarszawa :
_bUrząd Komitetu Integracji Europejskiej,
_c2005.
300 _a449 s. ;
_c21 cm.
500 _aTekst równol. pol. i ang.
650 9 _aTraktat o Unii Europejskiej
650 9 _aTraktaty rzymskie (1957)
015 _aPB 21674/2004
020 _a8389972662
040 _cBPK
041 0 _apol
080 _a341.24(4-67)
920 _a83-89972-66-2
942 _cKS
008 s pl f |000 0 pol
999 _c51411
_d51411
856 _uhttp://koha.tu.koszalin.pl/cgi-bin/koha/opac-detail.pl?biblionumber=51411
_yKatalog online BPK